Football : Paris Saint Germain - Statistiques

Statistiques générales
  • Ce quiz a été pris 537 fois
    217 depuis la dernière actualisation
  • Le résultat moyen est 20 sur 26
Statistiques - réponses
Questions Réponses % Correct
Que signifie le sigle PSG ? Paris Saint-Germain
99%
Quelles sont les couleurs principales du maillot de Paris ? Bleu et Rouge
96%
Comment s'appelle le stade du PSG ? Parc des Princes
96%
Quel club est le principal rival du PSG, laissant notamment place aux classiques chaque saison ? Olympique de Marseille
95%
Qui est le meilleur buteur de l'histoire du PSG, surnommé le "petit prince de Bondy" Kylian Mbappé
93%
En quelle année le PSG a remporté sa seule Ligue des Champions ? 2025
90%
Combien de championnats de France le PSG a-t-il remporté ? 13
89%
Quel géant suédois a débarqué au PSG au début des années 2010, considéré comme la première grosse recrue de l'ère qatarie ? Zlatan Ibrahimovic
87%
En quelle année le PSG a atteint sa première finale de Ligue des Champions ? 2020
85%
Quel attaquant était surnommé "el matador" Edinson Cavani
85%
Contre quelle équipe le PSG a-t-il subi la plus grande "remontada" de l'histoire du football ? FC Barcelone
85%
Quel ex-joueurs du Barça ont évolué ensemble au PSG durant deux saisons ? Neymar Jr
84%
Quel est le joueur le plus capé du PSG ? Marquinhos
81%
Quel autre prodige brésilien a signé au PSG, en 2001 ? Ronaldinho
81%
Lionel Messi
80%
Comment s'appelle le président du PSG, en poste depuis 2011 ? Nasser Al-Khelaifi
80%
Lille OSC
78%
Dans quel virage du stade les supporters sont les plus virulents ? Virage Auteuil
75%
AS Monaco
73%
En quelle année ce club est-il devenu professionnel ? 1970
67%
Quel ancien titi parisien a marqué le seul but de cette finale ? Kingsley Coman
67%
Quelles sont les seules équipes qui ont décroché un titre de champion de France pendant l'ère qatarie ? Montpellier HSC
64%
En quelle année a été le premier de ceux-ci ? 1986
63%
Quelle équipe, déjà bourreau de l'ASSE dans les années 1970, était leur adversaire ? Bayern Munich
59%
Quel joueur brésilien est le premier buteur de la finale de Coupe de France 1998, la première disputée au Stade de France ? Rai
55%
Qui l'était avant lui, avant même l'ère qatarie ? Jean-Marc Pilorget
13%
Aucun quiz correspondant
Distribution des résultats
% des personnes avec chaque résultat
Percentile par nombre de réponses
Votre historique - résultats
Vous n’avez pas pris ce quiz depuis la dernière actualisation